000 00547nam a22001577a 4500
999 _c533783
_d533783
020 _qHard Cover.
082 _a624.01
100 _aAhmad, Jamil
245 _aEnhancing lateral load performce of traditional timber wall (Dhajji - Dewari) by Strengthening of Joints /
_cJamil Ahmad.
260 _aIslamabad :
_bNICE - NUST,
_c2017.
300 _axi, 62 p. ill. ;
_c30cm.
942 _2ddc
_cTHE
650 _aStructural Engineering MS Thesis
_917039
700 _aDr. Muhammad Usman.
_917021